| 000 -LEADER |
| fixed length control field |
00635nam a22002057a 4500 |
| 008 - FIXED-LENGTH DATA ELEMENTS--GENERAL INFORMATION |
| fixed length control field |
150603b xxu||||| |||| 00| 0 eng d |
| 020 ## - INTERNATIONAL STANDARD BOOK NUMBER |
| International Standard Book Number |
9781604190175 |
| 041 0# - LANGUAGE CODE |
| Language code of text/sound track or separate title |
eng |
| 080 ## - UNIVERSAL DECIMAL CLASSIFICATION NUMBER |
| Universal Decimal Classification number |
330 |
| 100 ## - Rafti |
| Rafti |
Lewis, Hunter. |
| 245 10 - TITLE STATEMENT |
| Title |
Where Keynes went wrong : |
| Statement of responsibility, etc |
Hunter Lewis. |
| 260 ## - |
| -- |
Mount Jackson, VA : |
| -- |
Axios Press, |
| -- |
c2009. |
| 300 ## - |
| -- |
384 f |
| -- |
24 cm. |
| 600 ## - |
| -- |
Keynes, John Maynard, |
| -- |
1883-1946. |
| 650 #0 - |
| -- |
Keynesian economics. |
| 650 #0 - |
| -- |
Economic policy. |
| 650 #0 - |
| -- |
Financial crises. |
| 650 #0 - |
| -- |
Monetary policy. |
| 942 ## - ADDED ENTRY ELEMENTS (KOHA) |
| Source of classification or shelving scheme |
|
| Item type |
Books |